The Essentials of Science, Technology and Innovation Policy / (Record no. 30879)
[ view plain ]
| 000 -LEADER | |
|---|---|
| fixed length control field | 00797nam a22002537a 4500 |
| 003 - CONTROL NUMBER IDENTIFIER | |
| control field | MOSTI LIBRARY |
| 005 - DATE AND TIME OF LATEST TRANSACTION | |
| control field | 20260526105201.0 |
| 008 - FIXED-LENGTH DATA ELEMENTS--GENERAL INFORMATION | |
| fixed length control field | 260526b |||||||| |||| 00| 0 eng d |
| 020 ## - INTERNATIONAL STANDARD BOOK NUMBER | |
| International Standard Book Number | 9789839445954 |
| 040 ## - CATALOGING SOURCE | |
| Transcribing agency | MOSTI LIBRARY |
| 090 00 - LOCALLY ASSIGNED LC-TYPE CALL NUMBER (OCLC); LOCAL CALL NUMBER (RLIN) | |
| Classification number (OCLC) (R) ; Classification number, CALL (RLIN) (NR) | 303.483 |
| Local cutter number (OCLC) ; Book number/undivided call number, CALL (RLIN) | OMA |
| 100 10 - MAIN ENTRY--PERSONAL NAME | |
| Personal name | Omar Abdul Rahman |
| Titles and words associated with a name | Tan Sri |
| Dates associated with a name | 1932- |
| 245 10 - TITLE STATEMENT | |
| Title | The Essentials of Science, Technology and Innovation Policy / |
| Statement of responsibility, etc. | Omar Abdul Rahman |
| 264 ## - PRODUCTION, PUBLICATION, DISTRIBUTION, MANUFACTURE, AND COPYRIGHT NOTICE | |
| Place of production, publication, distribution, manufacture | Kuala Lumpur : |
| Name of producer, publisher, distributor, manufacturer | Academy of Sciences Malaysia |
| 300 ## - PHYSICAL DESCRIPTION | |
| Extent | vii, 69pages ; |
| Dimensions | 24cm |
| 336 ## - CONTENT TYPE | |
| Authority record control number or standard number | rdacontent |
| 337 ## - MEDIA TYPE | |
| Source | rdacarrier |
| 338 ## - CARRIER TYPE | |
| Authority record control number or standard number | rdacarrier |
| 650 10 - SUBJECT ADDED ENTRY--TOPICAL TERM | |
| Topical term or geographic name entry element | Science and States |
| Geographic subdivision | Malaysia |
| 650 20 - SUBJECT ADDED ENTRY--TOPICAL TERM | |
| Topical term or geographic name entry element | Technology and State |
| Geographic subdivision | Malaysia |
| 650 20 - SUBJECT ADDED ENTRY--TOPICAL TERM | |
| Topical term or geographic name entry element | Technological Innovations |
| General subdivision | Government Policy |
| Geographic subdivision | Malaysia |
| 942 ## - ADDED ENTRY ELEMENTS (KOHA) | |
| Source of classification or shelving scheme | Dewey Decimal Classification |
| Koha item type | Book |
| Suppress in OPAC | No |
| 949 ## - LOCAL PROCESSING INFORMATION (OCLC) | |
| 0 | 019245 |
| Withdrawn status | Lost status | Source of classification or shelving scheme | Damaged status | Not for loan | Home library | Current library | Shelving location | Date acquired | Source of acquisition | Total Checkouts | Full call number | Barcode | Date last seen | Price effective from | Koha item type |
|---|---|---|---|---|---|---|---|---|---|---|---|---|---|---|---|
| Dewey Decimal Classification | MOSTI Library | MOSTI Library | Open shelf | 26/05/2026 | SUMBANGAN | 303.483 OMA | 019245 | 26/05/2026 | 26/05/2026 | Book |
